000 00762cam a2200265 a 4500
001 406
003 BD-RJUL
005 20211208233155.0
008 131118s1973 enk b 001 0 eng
020 _a0851571484
035 _a(BD-RjUL)423
040 _aDLC
_cDLC
_dm.c
_dBD-RJUL
_beng
041 _aeng
082 0 4 _216
_a025.4
_bLAA 1973
099 _a*ML Lib - S - 1VH3
100 1 _aLangridge, Derek Wilton.
_91268
245 1 0 _aApproach to classification for students of librarianship /
_cDerek Langridge.
260 _aLondon :
_bBingley,
_c1973
300 _a122 p. ;
_c23 cm
504 _aIncludes index.
526 _bInformation Science and Library Management
650 0 _aClassification
_xBooks.
_91269
942 _2ddc
_cBK
999 _c406
_d406